000
00300nam a22001217a 4500
020
_a
0-471-81236-6
082
_a
621.384156 FRE'R
100
_a
FREEMAN, ROGER L
_9
57174
245
_a
RADIO SYSTEM DESIGN FOR TELECOMMUNICATION
260
_a
NEWYORK
_b
JOHN WILEY
_c
1987
300
_a
560P
942
_c
BK
999
_c
567470
_d
567470